=LDR 00000nam 2200000 4500 =001 INLIS000000000013078 =005 20130612104527 =008 ***********************************Ind** =035 ##$$0010-061300000013078 =041 ##$$a Ind =082 ##$$a 912.598 =090 ##$$a 912.598, Ish p =100 ##$$a Ishmah, A.F =245 ##$$a Peta buta Indonesia, A.F. Ishmah =260 ##$$a 2004 $b Bandung =300 ##$$a 64 hlm, ilus, 25 cm =650 ##$$a Indonesia - Peta =850 ##$$a NBPNMAT =990 ##$$a 0001/BPAP-NTB/2016